Fr. Conceicao Rodrigues College of Engineering

Electronic devices and circuits 1 (Record no. 20115)

MARC details
000 -LEADER
fixed length control field 00296nam a2200133Ia 4500
082 ## - DEWEY DECIMAL CLASSIFICATION NUMBER
Classification number 621.381/BAK
Item number BAK
100 ## - MAIN ENTRY--PERSONAL NAME
Personal name Bakshi/U.A/ Godse/A.P
245 ## - TITLE STATEMENT
Title Electronic devices and circuits 1
260 ## - PUBLICATION, DISTRIBUTION, ETC.
Name of publisher, distributor, etc. Technical
Place of publication, distribution, etc. Pune
Date of publication, distribution, etc. 2007
546 ## - LANGUAGE NOTE
Language note ENGLISH
650 ## - SUBJECT ADDED ENTRY--TOPICAL TERM
Topical term or geographic name entry element EDC
942 ## - ADDED ENTRY ELEMENTS (KOHA)
Koha item type BOOK
Holdings
Withdrawn status Lost status Damaged status Not for loan Collection Home library Current library Date acquired Total Checkouts Full call number Barcode Date last seen Price effective from Koha item type
        CRC Fr. Agnel's C.Rodrigues College of Engineering Fr. Agnel's C.Rodrigues College of Engineering 17/03/2023   621.381/BAK BAK 18897 17/03/2023   BOOK